000 00213 a2200097 4500
001 45200
100 _aBarton M.V
245 _aAircraft electrical systems
260 _aLondon
_bPitman
_c
090 _c28387
_d28387
942 _aNUST-CAE
_cM
_c20432
999 _c280273
_d280273